The diary of a young girl / (Record no. 8775)
[ view plain ]
| 000 -LEADER | |
|---|---|
| fixed length control field | 01351cam a22004571 4500 |
| 001 - CONTROL NUMBER | |
| control field | 748252 |
| 003 - CONTROL NUMBER IDENTIFIER | |
| control field | OSt |
| 005 - DATE AND TIME OF LATEST TRANSACTION | |
| control field | 20140310182040.0 |
| 008 - FIXED-LENGTH DATA ELEMENTS--GENERAL INFORMATION | |
| fixed length control field | 721213s1952 nyua 000 0aeng |
| 010 ## - LIBRARY OF CONGRESS CONTROL NUMBER | |
| LC control number | 52006355 |
| 040 ## - CATALOGING SOURCE | |
| Original cataloging agency | DLC |
| Transcribing agency | DLC |
| Modifying agency | DLC |
| 041 1# - LANGUAGE CODE | |
| Language code of text/sound track or separate title | engdut |
| 043 ## - GEOGRAPHIC AREA CODE | |
| Geographic area code | e-ne--- |
| 050 10 - LIBRARY OF CONGRESS CALL NUMBER | |
| Classification number | D 810 |
| Item number | .F828 1993 |
| 082 00 - DEWEY DECIMAL CLASSIFICATION NUMBER | |
| Classification number | HS 940.53092 |
| Item number | F85 1967 |
| 100 1# - MAIN ENTRY--PERSONAL NAME | |
| Personal name | Frank, Anne, |
| Dates associated with a name | 1929-1945. |
| 9 (RLIN) | 11097 |
| 240 10 - UNIFORM TITLE | |
| Uniform title | <a href="Achterhuis.">Achterhuis.</a> |
| Language of a work | English |
| 245 14 - TITLE STATEMENT | |
| Title | The diary of a young girl / |
| Remainder of title | Anne Frank. |
| 250 ## - EDITION STATEMENT | |
| Edition statement | [1st ed.] |
| 260 ## - PUBLICATION, DISTRIBUTION, ETC. (IMPRINT) | |
| Place of publication, distribution, etc | Garden City, N.Y., |
| Name of publisher, distributor, etc | Doubleday, |
| Date of publication, distribution, etc | c1993. |
| 300 ## - PHYSICAL DESCRIPTION | |
| Extent | 285 p. : |
| Other physical details | ill. |
| Dimensions | 18 cm. |
| 600 10 - SUBJECT ADDED ENTRY--PERSONAL NAME | |
| Personal name | Frank, Anne, |
| Dates associated with a name | 1929-1945 |
| General subdivision | Diaries. |
| 9 (RLIN) | 11098 |
| 650 #0 - SUBJECT ADDED ENTRY--TOPICAL TERM | |
| Topical term or geographic name as entry element | Holocaust, Jewish (1939-1945) |
| Geographic subdivision | Netherlands |
| -- | Amsterdam |
| General subdivision | Personal narratives. |
| 9 (RLIN) | 11099 |
| 650 #0 - SUBJECT ADDED ENTRY--TOPICAL TERM | |
| Topical term or geographic name as entry element | Jewish girls |
| Geographic subdivision | Netherlands |
| -- | Amsterdam |
| General subdivision | Diaries. |
| 9 (RLIN) | 11100 |
| 650 #0 - SUBJECT ADDED ENTRY--TOPICAL TERM | |
| Topical term or geographic name as entry element | Jews |
| General subdivision | Persecutions |
| Geographic subdivision | Netherlands |
| -- | Amsterdam. |
| 9 (RLIN) | 11101 |
| 650 #0 - SUBJECT ADDED ENTRY--TOPICAL TERM | |
| Topical term or geographic name as entry element | Jews |
| Geographic subdivision | Netherlands |
| -- | Amsterdam |
| General subdivision | Diaries. |
| 9 (RLIN) | 11102 |
| 651 #0 - SUBJECT ADDED ENTRY--GEOGRAPHIC NAME | |
| Geographic name | Amsterdam (Netherlands) |
| General subdivision | Ethnic relations. |
| 9 (RLIN) | 11103 |
| 906 ## - LOCAL DATA ELEMENT F, LDF (RLIN) | |
| a | 7 |
| b | cbc |
| c | orignew |
| d | u |
| e | ocip |
| f | 19 |
| g | y-gencatlg |
| 942 ## - ADDED ENTRY ELEMENTS (KOHA) | |
| Source of classification or shelving scheme | Library of Congress Classification |
| Koha item type | |
| Withdrawn status | Lost status | Source of classification or shelving scheme | Damaged status | Home library | Current library | Shelving location | Date acquired | Total Checkouts | Full call number | Barcode | Date last seen | Copy number | Price effective from | Koha item type | Total Renewals | Date checked out |
|---|---|---|---|---|---|---|---|---|---|---|---|---|---|---|---|---|
| Library of Congress Classification | Luxembourg Library | Luxembourg Library | High School Section | 08/16/2013 | D 810 .F828 1993 | 14203 | 09/07/2015 | 1 | 08/16/2013 | Books | ||||||
| Library of Congress Classification | Luxembourg Library | Luxembourg Library | High School Section | 08/16/2013 | 3 | D 810 .F828 1993 | 14235 | 08/23/2017 | 2 | 08/16/2013 | Books | 5 | 08/22/2017 | |||
| Library of Congress Classification | Luxembourg Library | Luxembourg Library | High School Section | 08/16/2013 | D 810 .F828 1993 | 8992 | 08/16/2013 | 3 | 08/16/2013 | Books | ||||||
| Library of Congress Classification | Luxembourg Library | Luxembourg Library | High School Section | 08/16/2013 | D 810 .F828 1993 | 3861 | 08/16/2013 | 4 | 08/16/2013 | Books | ||||||
| Library of Congress Classification | Luxembourg Library | Luxembourg Library | High School Section | 08/16/2013 | 1 | D 810 .F828 1993 | 3871 | 02/12/2018 | 5 | 08/16/2013 | Books | 02/02/2018 | ||||
| Library of Congress Classification | Luxembourg Library | Luxembourg Library | High School Section | 08/16/2013 | D 810 .F828 1993 | 7722 | 06/25/2015 | 6 | 08/16/2013 | Books | ||||||
| Library of Congress Classification | Luxembourg Library | Luxembourg Library | High School Section | 08/16/2013 | 2 | D 810 .F828 1993 | 3924 | 11/25/2015 | 7 | 08/16/2013 | Books | 1 | 11/09/2015 | |||
| Library of Congress Classification | Luxembourg Library | Luxembourg Library | High School Section | 08/16/2013 | 2 | D 810 .F828 1993 | 11708 | 11/25/2019 | 8 | 08/16/2013 | Books | 3 | 11/06/2019 | |||
| Library of Congress Classification | Luxembourg Library | Luxembourg Library | High School Section | 08/16/2013 | 1 | D 810 .F828 1993 | 14878 | 08/18/2017 | 9 | 08/16/2013 | Books | 07/19/2017 | ||||
| Library of Congress Classification | Luxembourg Library | Luxembourg Library | High School Section | 08/16/2013 | 1 | D 810 .F828 1993 | 3860 | 10/13/2015 | 10 | 08/16/2013 | Books | 01/21/2015 | ||||
| Library of Congress Classification | Luxembourg Library | Luxembourg Library | High School Section | 08/16/2013 | 4 | D 810 .F828 1993 | 18832 | 08/09/2022 | 11 | 08/16/2013 | Books | 20 | 07/13/2022 |